Implementácia cirkulárnej ekonomiky na Slovensku v medzinárodnom porovnaní, v rámci EÚ diplomová práca

Uložené v:
Podrobná bibliografia
Hlavný autor: Moško, Roman
Korporativný autor: Obchodná fakulta EU. Katedra medzinárodného obchodu
Ďalší autori: Zorkóciová, Otília, 1954-
Médium: Kniha
Jazyk:Slovak
Vydavateľské údaje: Bratislava 2024
Tagy: Pridať tag
Žiadne tagy, Buďte prvý, kto otaguje tento záznam!

MARC

LEADER 00000nbm a2200000 4500
001 0302407
005 20250808083528.6
041 0 |a slo 
044 |a SK 
245 1 0 |a Implementácia cirkulárnej ekonomiky na Slovensku v medzinárodnom porovnaní, v rámci EÚ  |b diplomová práca  |c Roman Moško ; školiteľ: Otília Zorkóciová 
264 1 |a Bratislava  |c 2024 
300 |a 67 s. 
100 1 |a Moško, Roman 
700 1 |a Zorkóciová, Otília, 1954- 
710 2 |a Obchodná fakulta EU. Katedra medzinárodného obchodu